[Event "Montreal CC-ch"]
[Site "Montreal"]
[Date "2016.06.10"]
[Round "1.4"]
[White "Rodrigue Lemieux, Shawn"]
[Black "Democri, Fardin"]
[Result "1-0"]
[WhiteElo "2161"]
[BlackElo "1493"]
[PlyCount "45"]
[EventDate "2016.06.10"]
[EventType "swiss"]
[EventRounds "5"]
[EventCountry "CAN"]
[SourceTitle "EXT 2022"]
[Source "ChessBase"]
[SourceDate "2021.10.06"]
[SourceVersion "1"]
[SourceVersionDate "2021.10.06"]
[SourceQuality "1"]

1. e4 c6 2. d4 d5 3. Nc3 dxe4 4. Nxe4 Bf5 5. Ng3 Bg6 6. Nh3 h6 7. Nf4 Bh7 8. Bd3 Bxd3 9. Qxd3 Nf6 10. Bd2 e6 11. 0-0-0 Na6 12. Ngh5 g5 13. Nxe6 Qe7 14. Neg7+ Bxg7 15. Nxg7+ Kf8 16. Rhe1 Qc7 17. Nf5 Qxh2 18. Qa3+ Kg8 19. Rh1 Qc7 20. Nxh6+ Kg7 21. Nf5+ Kg6 22. Qd3 Ng4 23. Nh6+ 1-0

[Event "Quebec-ch U16"]
[Site "Montreal"]
[Date "2016.01.17"]
[Round "4"]
[White "Democri, Fardin"]
[Black "Cai, Susan"]
[Result "0-1"]
[WhiteElo "1381"]
[BlackElo "1222"]
[PlyCount "78"]
[EventDate "2016.01.15"]
[EventType "swiss"]
[EventRounds "5"]
[EventCountry "CAN"]
[SourceTitle "EXT 2017"]
[Source "ChessBase"]
[SourceDate "2016.10.25"]
[SourceVersion "1"]
[SourceVersionDate "2016.10.25"]
[SourceQuality "1"]

1. e4 e5 2. Nf3 d6 3. h3 Nf6 4. d3 g6 5. Bg5 Bg7 6. Nc3 Be6 7. Qd2 Nc6 8. Be2 a6 9. a3 Qd7 10. Qe3 0-0-0 11. 0-0 Rde8 12. Bxf6 Bxf6 13. Rfd1 Nd4 14. Nxd4 exd4 15. Qf3 Be5 16. Nd5 f5 17. Nf4 fxe4 18. Qxe4 Bf5 19. Bg4 Bxe4 20. Bxd7+ Kxd7 21. dxe4 Bxf4 22. g3 Bh6 23. Re1 Re7 24. Rad1 Bg7 25. b3 Rhe8 26. f3 d5 27. c3 dxe4 28. cxd4 exf3 29. Rf1 Re3 30. Kf2 Rxb3 31. g4 Rxa3 32. Rb1 Bxd4+ 33. Kg3 b5 34. Kh2 Re2+ 35. Kg3 Be5+ 36. Kh4 h6 37. Rbd1+ Ke6 38. Rc1 f2 39. Rc6+ Kf7 0-1

[Event "Quebec-ch U16"]
[Site "Montreal"]
[Date "2016.01.16"]
[Round "3"]
[White "Zhang, Evan"]
[Black "Democri, Fardin"]
[Result "1-0"]
[WhiteElo "1584"]
[BlackElo "1381"]
[PlyCount "87"]
[EventDate "2016.01.15"]
[EventType "swiss"]
[EventRounds "5"]
[EventCountry "CAN"]
[SourceTitle "EXT 2017"]
[Source "ChessBase"]
[SourceDate "2016.10.25"]
[SourceVersion "1"]
[SourceVersionDate "2016.10.25"]
[SourceQuality "1"]

1. e4 e5 2. Nf3 Nc6 3. Nc3 Nf6 4. d4 exd4 5. Nxd4 Bc5 6. Nxc6 bxc6 7. Bg5 h6 8. Bh4 d6 9. Qf3 Bg4 10. Bxf6 Bxf3 11. Bxd8 Bxg2 12. Bxg2 Rxd8 13. Ke2 0-0 14. a3 a5 15. Bf3 Rfe8 16. Rhe1 d5 17. Kf1 d4 18. Ne2 d3 19. cxd3 Rxd3 20. Kg2 Re5 21. Red1 Rb3 22. Rd8+ Kh7 23. Rd2 h5 24. Nc3 Kh6 25. Be2 Rb8 26. Bc4 Rg5+ 27. Kh1 f5 28. e5 f4 29. e6 f3 30. Re1 Re8 31. h3 Rf5 32. Kg1 Rg5+ 33. Kf1 Rg2 34. Ne4 Be7 35. Rd3 Rf8 36. Ree3 Rg6 37. Rxf3 Rb8 38. Ng3 Bf6 39. Nf5+ Kg5 40. e7 Re8 41. Bf7 Rxe7 42. Nxe7 Rh6 43. h4+ Kxh4 44. Nf5+ 1-0

[Event "Montreal CC-ch"]
[Site "Montreal"]
[Date "2015.06.13"]
[Round "2"]
[White "Gunapalan, David"]
[Black "Democri, Fardin"]
[Result "1-0"]
[WhiteElo "1930"]
[BlackElo "1252"]
[PlyCount "85"]
[EventDate "2015.06.12"]
[EventType "swiss"]
[EventRounds "5"]
[EventCountry "CAN"]
[SourceTitle "EXT 2019"]
[Source "ChessBase"]
[SourceDate "2018.10.10"]
[SourceVersion "1"]
[SourceVersionDate "2018.10.10"]
[SourceQuality "1"]

1. e4 e5 2. Nc3 Nf6 3. f4 Nc6 4. fxe5 Nxe5 5. d4 Nc6 6. Nf3 d6 7. Be3 Bg4 8. Qd2 Qe7 9. Bd3 g6 10. h3 Bxf3 11. gxf3 Bg7 12. Bg5 0-0 13. Nd5 Qd8 14. c3 Nb8 15. h4 c6 16. Ne3 Qc8 17. 0-0-0 Nbd7 18. h5 Nxh5 19. Rxh5 gxh5 20. Nf5 Kh8 21. Rh1 f6 22. Bh6 Rg8 23. Rxh5 Qf8 24. Bf4 Qf7 25. Qh2 Bf8 26. Bc4 d5 27. exd5 Nb6 28. Bd3 Rg1+ 29. Kc2 Rg2+ 30. Qxg2 Qxh5 31. dxc6 bxc6 32. c4 Rd8 33. b3 Qf7 34. Qh3 a5 35. Be4 c5 36. d5 a4 37. Qh4 axb3+ 38. axb3 Nc8 39. Be5 Kg8 40. Bxf6 Rd7 41. Qg5+ Bg7 42. Bxg7 Ne7 43. Nh6# 1-0